Το μυστικό του Ιησού

Αποθηκεύτηκε σε:
Λεπτομέρειες βιβλιογραφικής εγγραφής
Κύριος συγγραφέας: Ράμφος, Στέλιος, 1939-
Μορφή: Βιβλίο
Γλώσσα:Greek
Δημοσίευση: Αθήναι : Αρμός, 2006.
Θέματα:
Ετικέτες: Προσθήκη ετικέτας
Δεν υπάρχουν, Καταχωρήστε ετικέτα πρώτοι!

MARC

LEADER 00000cam a2200000 a 4500
001 1/123384
008 210721s2006####gr | ||| |||| ||gre||
020 |a 9605273640 
040 |a GR-MyUa  |b gre  |c GR-MyUa  |e AACR2 
041 0 |a gre 
082 7 |a 323   |2 (23) 
100 1 |a Ράμφος, Στέλιος,   |d 1939- 
245 1 3 |a Το μυστικό του Ιησού /   |c Στέλιου Ράμφου. 
260 |a Αθήναι :   |b Αρμός,   |c 2006. 
300 |a 538 σ. ;   |c 26 εκ. 
504 |a Περιλαμβάνει βιβλιογραφικές παραπομπές και ευρετήριο. 
600 0 7 |2 nlgaf  |a Ιησούς Χριστός  |x History of doctrines  |y Early church, ca. 30-600. 
852 |a INST  |b SYROS  |e 20210719  |h 232 ΡΑΜ  |p 005500014109  |q 005500014109  |t BK  |y 0 
970 |a Κοντού  |b Παρασκευή  |z 21/07/2021